000 00659cam a22002171 4500
001 ca 36001265
003 DLC
005 20260227111143.0
008 790206s1934 xx 000 0 eng
010 _aca 36001265
035 _a(OCoLC)4624225
040 _aDLC
_cOCl
_dDLC
042 _apremarc
050 0 0 _aPS3503.R2733
_bY56 1934
082 _a812.5
100 1 _aBraun, Wilbur,
_d1896-
245 1 0 _aYou can't lose,
_ba farce-comedy in three acts,
_cby Wilbur Braun.
260 _aFranklin, O.,
_aDenver, Colo.,
_bEldridge entertainment house, incorporated,
_cc1934.
300 _a105 p.
_b1 illus., diagr.
_c19 cm.
490 0 _aEldridge royalty plays
999 _c18239
_d18239